| 000 | 00843nam a2200217 4500 | ||
|---|---|---|---|
| 001 | 109863 | ||
| 003 | ES-MaACL | ||
| 005 | 20250902215430.0 | ||
| 007 | t| | ||
| 008 | 061121s1916 sp r ||||1| spa d | ||
| 100 | 1 |
_aMoeller, Joseph. _981766 |
|
| 245 | 1 | 0 |
_aEnciclopedia completa de Farmacia _b: Tratado para uso de farmacéuticos, médicos y funcionarios de Sanidad / _c, publicada... bajo la dirección de Joseph Moeller y Hermann Thoms; [Traducción... de Eduardo Tirado y Eduardo García Bote]. |
| 250 | _a2ª ed. corr. y aumentada. | ||
| 260 |
_aMadrid : _b[s. n.], _c[1916] ( _f[Imp. Moliner]) |
||
| 300 |
_a15 v. ; _c25 cm. |
||
| 700 | 1 |
_aThoms, Hermann. _9110106 |
|
| 700 | 1 |
_aTirado, Eduardo. _9110322 |
|
| 700 | 1 |
_aGarcía Bote, Eduardo, _d1871- _954288 |
|
| 852 |
_aES-MaACL _jF-15160-74 |
||
| 999 |
_c109863 _d109863 |
||